00686nam a2200193 i 450000100060000000300090000600500170001500700030003200800410003510000280007624501330010426000670023730000220030449000440032670000260037070000210039683000440041785200310046181269ES-MaACL20250708063323.0t|041103s1939 ag ||||1| spa d1 aHume, David,d1711-177610aDavid Hume b: selección de textos / cprecedidos de un estudio de L[ucien] Levy Bruhl ; traducción y notas de Leon Dujovne. aBuenos Aires : bEdit. Sudamericana, c[1939] (fLinari y Cia) a175 p. ; c18 cm.1 aBreviarios del pensamiento filosófico1 aLévy-Bruhl, Lucien.1 aDujovne, León.0 aBreviarios del pensamiento filosófico aES-MaACLjF-6138 bR.23415